CFB Ball Knowledge #2 - Statistics

General Stats
  • This quiz has been taken 213 times
  • The average score is 8 of 15
Answer Stats
Hint Answer % Correct
Alabama WR who was the Heisman in 2021 and had 3 TDs on 12 catches in the CFB championship DeVonta Smith
89%
This college boasts alumni such as Myles Garrett, De'Von Achane, and Mike Evans Texas A&M
82%
Notre Dame Linebacker who went through a national scandal in 2013 which derailed his NFL potential Manti Te'o
73%
Michigan DE who helped break the schools losing streak to Ohio State in 2021 who led the conference in sacks Aidan Hutchinson
69%
This coach helped transform JMU's football culture by taking them a combined 19-4 in the 2022-2023 season before taking a more lucrative job in the Big10 Curt Cignetti
67%
Missouri QB who led the conference in TD's with 44 and yards at just under 4000 in 2017 Drew Lock
67%
UCLA QB who led the conference in YPG in 2017 eventually leading him to be drafted by Arizona Josh Rosen
62%
Utah QB is known more infamously for being one of the oldest CFB player after having a 7 year career Cam Rising
55%
UNC Center who would go on to be Peyton Manning's All Pro snapper in Indianapolis Jeff Saturday
55%
Ohio State WR who went on to be a Vikings legend after leading the conference in TD's back to back years in 1985-1986 Cris Carter
47%
Texas RB who won the Maxwell, Walter Camp, and Heisman all in the same 1998 season Ricky Williams
39%
Which college has a tradition of bringing their flag to every College Game Day since 2003 Washington State
35%
This set of twins who played at Florida would eventually go on to both play in the NFL: The ----- Twins Pouncey
22%
Clemson QB who was the starter in 2017 but then lost his job mid season which resulted in his transfer to Missouri Kelly Bryant
14%
Florida LB who was the defensive leader for the "Tebow-Era" Gators and leading the SEC in solo tackles in 2007 Brandon Spikes
13%
No matching quizzes found
Score Distribution
Percent of People with Each Score
Percentile by Number Answered
Your Score History
You have not taken this quiz